Southville International School and Colleges
Your cart is empty.
  • Cart
  • Lists
    Public lists list_1 View all
    Your lists Log in to create your own lists
  • Log in to your account
  • Your cookies
  • Search history
Southville International School and Colleges
  • Advanced search
  • Recent comments
  • Most popular
  • Libraries

Log in to your account

Log in with GOOGLE


If you do not have an external account, but do have a local account, you can still log in:

  1. Home
  2. MARC view: Carrot seed (The) /
Normal view MARC view ISBD view

Carrot seed (The) / (Record no. 103952)

[ view plain ]
MARC details
000 -LEADER
fixed length control field 00944nam a2200181 a 4500
005 - DATE AND TIME OF LATEST TRANSACTION
control field 20140412111310.0
008 - FIXED-LENGTH DATA ELEMENTS--GENERAL INFORMATION
fixed length control field 001219s19uu xx 00 eng d
020 ## - INTERNATIONAL STANDARD BOOK NUMBER
International Standard Book Number 0-06-023350-8
050 ## - LIBRARY OF CONGRESS CALL NUMBER
Classification number TR(PS E
Item number Ca23
100 ## - MAIN ENTRY--PERSONAL NAME
Personal name Krauss, Ruth
245 ## - TITLE STATEMENT
Title Carrot seed (The) /
Statement of responsibility, etc story by Ruth Krauss ; pictures by Crockett Johnson.
260 ## - PUBLICATION, DISTRIBUTION, ETC. (IMPRINT)
Place of publication, distribution, etc [s.l.] :
Name of publisher, distributor, etc HarperCollins Publishers,
Date of publication, distribution, etc [n.d.]
300 ## - PHYSICAL DESCRIPTION
Extent 1 v. (unp.) ; ill.
520 ## - SUMMARY, ETC.
Summary, etc A little boy plants a carrot seed. He's sure it will come up. Everyone around him is sure it won't. But every day the boy pulls weeds and sprinkles the ground with water. And then, one day, the boy's dream is fulfilled, just as he kew it would be. The wonderfully unshakable confidence of the very young is quietly captured in this small but pointed story - a favorite since it was first published in 1945.
650 ## - SUBJECT ADDED ENTRY--TOPICAL TERM
Topical term or geographic name as entry element Growing Plants
650 ## - SUBJECT ADDED ENTRY--TOPICAL TERM
Topical term or geographic name as entry element Confidence -- Juvenile Literature
Holdings
Withdrawn status Lost status Damaged status Home library Current library Shelving location Date acquired Source of acquisition Total Checkouts Full call number Barcode Date last seen Price effective from Koha item type
      Elizalde Library Elizalde Library Teachers Reference Section 12/19/2000     TR(PS E Ca23 E6154 04/12/2014 04/12/2014 Books

Carrot seed (The) /

APA

Krauss R., .Carrot seed (The). [s.l.]: HarperCollins Publishers.

Chicago

Krauss Ruth, .Carrot seed (The). [s.l.]: HarperCollins Publishers.

Harvard

Krauss R., .Carrot seed (The). [s.l.]: HarperCollins Publishers.

MLA

Krauss Ruth, .[s.l.]: HarperCollins Publishers. .

  • Place hold
  • Print
  • Cite
  • Add to your cart (remove)
  • Save record
    BIBTEX Dublin Core MARCXML MARC (non-Unicode/MARC-8) MARC (Unicode/UTF-8) MARC (Unicode/UTF-8, Standard) MODS (XML) RIS
  • More searches
    Search for this title in:
    Other Libraries (WorldCat) Other Databases (Google Scholar) Online Stores (Bookfinder.com) Open Library (openlibrary.org)

Exporting to Dublin Core...

SOUTHVILLE LIBRARY

Southville International School and Colleges Library

1281 Tropical Ave. Cor. Luxembourg St., BF Homes International, Las Pinas City

Tel. No. 8256374 / 252358 Loc. 117/146

Powered by Koha